Normal view MARC view
  • Breen, Derek

Entry Personal Name

Number of records used in: 1

001 - CONTROL NUMBER

  • control field: 99105

003 - CONTROL NUMBER IDENTIFIER

  • control field: NUST

005 - DATE AND TIME OF LATEST TRANSACTION

  • control field: 20221005085850.0

008 - FIXED-LENGTH DATA ELEMENTS

  • fixed length control field: 221005|| aca||aabn | a|a d

040 ## - CATALOGING SOURCE

  • Original cataloging agency: NUST
  • Transcribing agency: NUST

100 ## - HEADING--PERSONAL NAME

  • Personal name: Breen, Derek

670 ## - SOURCE DATA FOUND

  • Source citation: Work cat.: (NUST)0: Breen, Derek., Designing digital games /
© 2023 Central Library, National University of Sciences and Technology. All Rights Reserved.